000 00451nam a2200193Ia 4500
005 20230710103555.0
008 131103s9999 xx 000 0 und d
020 _cRs.80
040 _aLoreto College
041 _aEnglish
082 _aF
_bFOR
100 _aForbes,Colin
245 _aBy Stealth
_cColin Forbes
260 _aNew Delhi
_bRupa & Co.
_c1992
300 _a535 p.
650 _aFiction in English
850 _aLCLIB
942 _cBK
999 _c16938
_d67417